Loading...
| Thought - Social Science | 2 | 2 | 0 | 0 | 50 | 35 | 57.75 | 4 | 4 |
| Thought - Philosophy | 0 | 4 | 0 | 0 | 40 | 77 | 88.25 | 2 | 4 |
| Beliefs - Religion | 1 | 1 | 0 | 0 | 25 | 67 | 75.50 | 2 | 2 |
| Arts - Painting | 0 | 2 | 0 | 0 | 20 | 111 | 121.50 | 1 | 2 |
| Beliefs - Mythology | 0 | 2 | 0 | 0 | 20 | 112 | 123.00 | 0 | 2 |
| Literature - Euro Lit | 0 | 1 | 0 | 0 | 10 | 131 | 131.00 | 0 | 1 |
| Other - Geo/CE | 0 | 1 | 0 | 0 | 10 | 79 | 79.00 | 0 | 1 |
| Science - Engineering | 0 | 1 | 0 | 0 | 10 | 132 | 132.00 | 0 | 1 |
| Literature - American Lit | 0 | 1 | 0 | 0 | 10 | 122 | 122.00 | 0 | 1 |
| History - American History | 1 | 0 | 1 | 0 | 10 | 44 | 44.00 | 1 | 1 |
| History - Euro History | 1 | 0 | 1 | 0 | 10 | 75 | 75.00 | 1 | 1 |
| History - Other History | 0 | 1 | 0 | 0 | 10 | 74 | 74.00 | 0 | 1 |
| Arts - Other Arts | 0 | 1 | 0 | 1 | 10 | 127 | 127.00 | 0 | 1 |
| Science - Other Science | 0 | 0 | 1 | 0 | -5 | 0.00 | 0 | 0 | |
| Other - Other Academic | 0 | 0 | 1 | 0 | -5 | 0.00 | 0 | 0 | |
| History - World History | 0 | 0 | 1 | 0 | -5 | 0.00 | 0 | 0 |